000
00305nam a22001457a 4500
008
210604b ||||| |||| 00| 0 eng d
020
_a
2901259382450
041
_a
eng
080
_a
541
082
_a
541
100
_a
12
101
_a
KIM
245
_a
General Chemistry
_c
Samantha
942
_2
udc
_c
BK
999
_c
57980
_d
57980